Telecommunications: An Introduction to Electronic Media (Record no. 3229)
[ view plain ]
| 005 - DATE AND TIME OF LATEST TRANSACTION | |
|---|---|
| control field | 20250621081043.0 |
| 020 ## - INTERNATIONAL STANDARD BOOK NUMBER | |
| International Standard Book Number | 0-697-35506-3 |
| 082 ## - DEWEY DECIMAL CLASSIFICATION NUMBER | |
| Classification number | LM 621.382 GRO |
| 100 ## - MAIN ENTRY--PERSONAL NAME | |
| Author name | GROSS, L. S. |
| 245 ## - TITLE STATEMENT | |
| Title | Telecommunications: An Introduction to Electronic Media |
| 250 ## - EDITION STATEMENT | |
| Edition statement | 7th Ed. |
| 260 ## - PUBLICATION, DISTRIBUTION, ETC. | |
| Place of publication, distribution, etc. | Boston |
| Name of publisher, distributor, etc. | McGraw-Hill |
| Date of publication, distribution, etc. | 2000 |
| 300 ## - PHYSICAL DESCRIPTION | |
| Extent | xxv,438p.: ill.; charts, pictures & tables |
| Other physical details | Glossary & Index |
| Dimensions | 24cm. |
| 856 ## - ELECTRONIC LOCATION AND ACCESS | |
| Link text | Access Online Book |
| Electronic name | Telecommunications: An Introduction to Electronic Media |
| Path | www.mhhe.com |
| 942 ## - ADDED ENTRY ELEMENTS (KOHA) | |
| Source of classification or shelving scheme | Dewey Decimal Classification |
| Koha item type | Books |
| Date last seen | Total checkouts | Full call number | Barcode | Cost, replacement price | Price effective from | Koha item type | Lost status | Source of classification or shelving scheme | Damaged status | Not for loan | Withdrawn status | Home library | Current library | Shelving location | Date acquired | Cost, normal purchase price |
|---|---|---|---|---|---|---|---|---|---|---|---|---|---|---|---|---|
| 06/05/2025 | LM 621.382 GRO | 00000010789 | 75000.00 | 06/05/2025 | Books | Dewey Decimal Classification | College of Business Education Main Library | College of Business Education Main Library | General Collection | 01/19/2005 | 25000.00 | |||||
| 06/05/2025 | LM 621.382 GRO | 00000010790 | 75000.00 | 06/05/2025 | Books | Dewey Decimal Classification | College of Business Education Main Library | College of Business Education Main Library | General Collection | 01/19/2005 | 25000.00 | |||||
| 06/05/2025 | LM 621.382 GRO | 00000010791 | 75000.00 | 06/05/2025 | Books | Dewey Decimal Classification | College of Business Education Main Library | College of Business Education Main Library | General Collection | 01/19/2005 | 25000.00 | |||||
| 06/05/2025 | LM 621.382 GRO | 00000010792 | 75000.00 | 06/05/2025 | Books | Dewey Decimal Classification | College of Business Education Main Library | College of Business Education Main Library | General Collection | 01/19/2005 | 25000.00 | |||||
| 06/05/2025 | LM 621.382 GRO | 00000010793 | 75000.00 | 06/05/2025 | Books | Dewey Decimal Classification | College of Business Education Main Library | College of Business Education Main Library | General Collection | 01/19/2005 | 25000.00 |
